A history of modern philosophy / (Record no. 30820)
[ view plain ]
| 000 -LEADER | |
|---|---|
| fixed length control field | 00661nam a2200217 a 4500 |
| 001 - CONTROL NUMBER | |
| control field | 30820 |
| 003 - CONTROL NUMBER IDENTIFIER | |
| rucl marc code | BD-RjUL |
| 005 - DATE AND TIME OF LATEST TRANSACTION | |
| control field | 20211209051624.0 |
| 008 - FIXED-LENGTH DATA ELEMENTS--GENERAL INFORMATION | |
| fixed length control field | 140411s19541941nyu 001 0 eng d |
| 035 ## - SYSTEM CONTROL NUMBER | |
| System control number | (BD-RjUL)30907 |
| 040 ## - CATALOGING SOURCE | |
| Original cataloging agency | BD-RjUL |
| Language of cataloging | eng |
| Transcribing agency | BD-RjUL |
| Modifying agency | BD-RjUL |
| 041 ## - LANGUAGE CODE | |
| Language code of text/sound track or separate title | eng |
| 082 ## - DEWEY DECIMAL CLASSIFICATION NUMBER | |
| Classification number | 190 |
| Author mark and year | WRH 1954 |
| 100 1# - MAIN ENTRY--PERSONAL NAME | |
| Personal name | Wright, William Kelley, |
| Dates associated with a name | 1877-1956 |
| 9 (RLIN) | 93621 |
| 245 12 - TITLE STATEMENT | |
| Title | A history of modern philosophy / |
| Statement of responsibility, etc. | by William Kelley Wright. |
| 260 ## - PUBLICATION, DISTRIBUTION, ETC. (IMPRINT) | |
| Place of publication, distribution, etc. | New York : |
| Name of publisher, distributor, etc. | Macmillan, |
| Date of publication, distribution, etc. | 1941 [ Printing 1942, 1954, 1962]. |
| 300 ## - PHYSICAL DESCRIPTION | |
| Pagination | xii, 633 p. ; |
| Size | 22 cm. |
| 504 ## - BIBLIOGRAPHY, ETC. NOTE | |
| Bibliography, etc | Includes index. |
| 650 #0 - SUBJECT ADDED ENTRY--TOPICAL TERM | |
| Topical term or geographic name as entry element | Philosophy, Modern |
| General subdivision | History. |
| 9 (RLIN) | 3408 |
| 942 ## - ADDED ENTRY ELEMENTS (KOHA) | |
| Source of classification or shelving scheme | Dewey Decimal Classification |
| Koha item type | Books |
| Lost status | Source of classification or shelving scheme | Damaged status | Not for loan | Collection code | Permanent Location | Current Location | Shelving location | Date acquired | Source of acquisition | Cost, normal purchase price | Total Checkouts | Full call number | Date last seen | Date checked out | Copy number | Koha item type |
|---|---|---|---|---|---|---|---|---|---|---|---|---|---|---|---|---|
| Dewey Decimal Classification | Non-fiction | Central Library, University of Rajshahi | Central Library, University of Rajshahi | 09/06/1956 | published United | 30.00 | 8 | 190 WRH 1954 | 05/01/2026 | 15/12/2025 | C-2 | Books | ||||
| Dewey Decimal Classification | Non-fiction | Central Library, University of Rajshahi | Central Library, University of Rajshahi | 30/04/1964 | Zeitlinger | 50.00 | 2 | 190 WRH 1954 | 22/05/2017 | 22/05/2017 | C-3 | Books | ||||
| Dewey Decimal Classification | Non-fiction | Central Library, University of Rajshahi | Central Library, University of Rajshahi | 05/03/1963 | Zeitlinger | 43.00 | 4 | 190 WRH 1942 | 25/04/2019 | 03/04/2019 | C-4 | Books | ||||
| Dewey Decimal Classification | Non-fiction | Central Library, University of Rajshahi | Central Library, University of Rajshahi | 06/02/1963 | Zitlinger | 2 | 190 WRH 1962 | 19/09/2015 | 02/09/2015 | C-5 | Books | |||||
| Dewey Decimal Classification | Not For Loan | Non-fiction | Central Library, University of Rajshahi | Central Library, University of Rajshahi | Reading Room | 08/06/1956 | B.H. Blackwell | 30.00 | 190 WRH 1954 | 03/12/2016 | C-1 | Books |